|
|
|
|
| LEADER |
00955nam a2200241 a 4500 |
| 001 |
c000301919 |
| 003 |
CARM |
| 005 |
20061111044651.0 |
| 008 |
800122s1981 enka 000 0beng |
| 015 |
|
|
|a GB80
|
| 019 |
1 |
|
|a 1619492
|z 3093189
|z 12434518
|z 23876675
|5 LACONCORD2021
|
| 020 |
|
|
|a 0521228050
|
| 035 |
|
|
|a (OCoLC)5990408
|5 LACONCORD2021
|
| 082 |
0 |
0 |
|a 823
|
| 100 |
1 |
|
|a Conrad, John,
|d 1906-
|
| 245 |
1 |
0 |
|a Joseph Conrad, times remembered :
|b "ojciec jest tutaj" /
|c John Conrad.
|
| 260 |
|
|
|a Cambridge [Eng.] ;
|a New York :
|b Cambridge University Press,
|c 1981.
|
| 300 |
|
|
|a xiv, 218 p. :
|b ill ;
|c 24 cm.
|
| 600 |
1 |
0 |
|a Conrad, Joseph,
|d 1857-1924
|x Biography.
|
| 650 |
|
0 |
|a Novelists, English
|y 20th century
|x Biography.
|
| 852 |
8 |
|
|b CARM
|h A3:AE09B0
|i B11513
|p 0548824
|f BK
|
| 999 |
f |
f |
|i ebeee221-56ae-540b-bf95-705b1357bd33
|s 6656cfda-afcf-5bde-a434-b0e40ce17b50
|
| 952 |
f |
f |
|p Can circulate
|a CAVAL
|b CAVAL
|c CAVAL
|d CARM 1 Store
|e B11513
|f A3:AE09B0
|h Other scheme
|i book
|m 0548824
|